000 00483nam a2200145 4500
999 _c15525
_d15525
008 200527b ||||| |||| 00| 0 eng d
022 _a2094-8042
082 _aDPer 370.105 M72 June 2010-Mar 2011 v. 59 n. 1-10
100 _aLazaro, Rogelio
_942222
245 _aReading a child's transforming power/
_b
_cRogelio Lazaro.
260 _aPhilippines:
_bIn the Grade School, Inc.,
_cc2010-2011.
300 _av59 n6, page 229;
_c28 cm.
650 _aReading.
_942161
942 _2ddc
_cPER